Strategi meningkatkan daya ingatan

Bibliographic Details
Main Author: Mohd. Jarjis Ali
Corporate Author: Title
Format: Book
Published: Selangor : UKM , 1996
Subjects:

MARC

LEADER 00000cam a2200000 7i4500
001 0000012023
005 20071123.0
008 071123
020 |a 9679422909 
090 0 0 |a 153.1   |b MOH 
100 0 |a Mohd. Jarjis Ali 
245 1 0 |a Strategi meningkatkan daya ingatan   |c Mohd. Jarjis Ali 
260 |a Selangor :   |b UKM ,   |c 1996 
650 0 |a Learning psychology 
650 0 |a Malay fiction 
650 0 |a Memory 
650 0 |a Thought and thinking 
710 0 |a Title 
999 |a 0001004789   |b Book   |c Adult Collection   |e Perbadanan Perpustakaan Awam Johor 
999 |a 0001004797   |b Book   |c Adult Collection   |e Perbadanan Perpustakaan Awam Johor